000 00682nam a2200205Ia 4500
003 OSt
005 20250307150353.0
008 210210b2004 xxu||||| |||| 00| 0 eng d
040 _cAL
041 _aKannada
082 _aK894.109 SHAK
100 _aSHYAMASUNDARA BIDARAKUNDI.
_dಶ್ಯಾಮಸುಂದರ ಬಿದರಕುಂದಿ
_9204876
245 _aKumaravyasana Kannada Bharata.
_bಕುಮಾರವ್ಯಾಸನ ಕನ್ನಡ ಭಾರತ
260 _aBengaluru
_bKarnataka Sahitya Akademi
_c2004
300 _axxiv,366
650 _aKumaravyasa Kannada bharata
_9204877
690 _aKannada Poetry Criticism
_9204878
906 _aSG04507
942 _2ddc
_cSG
999 _c115242
_d115242